[Event "Pfalz-ch HT3 87th"]
[Site "Landau"]
[Date "2018.03.24"]
[Round "2"]
[White "Rein, Daniel"]
[Black "Reissfelder, Matthias"]
[Result "0-1"]
[WhiteElo "1925"]
[BlackElo "1686"]
[PlyCount "56"]
[EventDate "2018.03.23"]
[EventType "swiss"]
[EventRounds "7"]
[EventCountry "GER"]
[SourceTitle "EXT 2019"]
[Source "ChessBase"]
[SourceDate "2018.10.10"]
[SourceVersion "1"]
[SourceVersionDate "2018.10.10"]
[SourceQuality "1"]

1. e4 e5 2. Nf3 Nc6 3. Bb5 a6 4. Ba4 Nf6 5. d3 b5 6. Bb3 Be7 7. 0-0 0-0 8. Re1 d5 9. exd5 Nxd5 10. Nbd2 Nf6 11. h3 Bb7 12. Nxe5 Nxe5 13. Rxe5 Bd6 14. Re1 Qd7 15. Nf3 Rae8 16. Bd2 h6 17. d4 Rxe1+ 18. Nxe1 Re8 19. c3 Ne4 20. Be3 Qe7 21. Qg4 Nf6 22. Qh4 Be4 23. Bc2 Qd7 24. Bxh6 gxh6 25. Qxf6 Re6 26. Qh4 Qe8 27. Qg4+ Bg6 28. Bxg6 Rxe1+ 0-1

[Event "Zweibruecken PSB-ch HT2 82nd"]
[Site "Zweibruecken"]
[Date "2013.03.30"]
[Round "7"]
[White "Kehm, Claus"]
[Black "Rein, Daniel"]
[Result "1/2-1/2"]
[WhiteElo "1806"]
[BlackElo "1597"]
[PlyCount "42"]
[EventDate "2013.??.??"]
[EventType "swiss"]
[EventRounds "7"]
[EventCountry "GER"]
[SourceTitle "EXT 2014"]
[Source "ChessBase"]
[SourceDate "2013.11.20"]
[SourceVersion "1"]
[SourceVersionDate "2013.11.20"]
[SourceQuality "1"]

1. d4 Nf6 2. c4 e6 3. Nf3 Nc6 4. Bg5 h6 5. Bh4 Bb4+ 6. Nc3 g5 7. Bg3 Ne4 8. Qd3 Bxc3+ 9. bxc3 Nxg3 10. hxg3 g4 11. Nh4 b6 12. e4 d6 13. Be2 Qg5 14. Rd1 e5 15. d5 Ne7 16. Qc2 f5 17. exf5 Nxf5 18. Bd3 0-0 19. Ke2 Nxh4 20. Rxh4 Qf6 21. Rf1 Bd7 1/2-1/2